000 01125nam0a22002651 4500
001 rc\2771264
005 20250806204418.0
035 _a(NLR Aleph) 006897635
090 _a27829
_c27829
100 _a20110915d1941 u y0rusy50 ca
101 0 _arus
102 _aRU
105 _aae z |||||
200 1 _aЗеленое строительство
_fН. К. Вехов, участник Всес. с.-х. выставки, д-р с.-х. наук
210 _aОрел
_cИзд-во Обл. совета депутатов трудящихся
_d1941
215 _a104 с.
_cил., план.
_d20 см.
320 _aБиблиогр.: "Лит-ра по новым древес. породам и их размножению и по вопросам зеленого строит-ва, плодоводства и пр.", с. 100-2
700 1 _aВехов
_bН.К.
_f1887-
_gНиколай Кузьмич
801 0 _aRU
_bNLR
_gpsbo
801 1 _aRU
_bELAR
_2rusmarc
852 _aNLR
_jС40 Г-3/4
942 _cBOOK
945 _aРоссийская национальная библиотека
980 _aNB
980 _aBV